MARC
|
|
|
|
| LEADER |
00000naa2a2200000 4500 |
| 001 |
400572 |
| 005 |
20231101065417.0 |
| 035 |
|
|
|a (RuTPU)RU\TPU\prd\43042
|
| 035 |
|
|
|a RU\TPU\prd\43041
|
| 090 |
|
|
|a 400572
|
| 100 |
|
|
|a 20060426a2006 k y0rusy50 ca
|
| 101 |
0 |
|
|a rus
|
| 102 |
|
|
|a RU
|
| 200 |
1 |
|
|a "Чтобы зритель верил..."
|f Д. Месхиев
|
| 225 |
1 |
|
|a Патриотическое воспитание
|
| 320 |
|
|
|a Библиогр.: 2 назв.
|
| 461 |
|
0 |
|0 (RuTPU)RU\TPU\prd\12643
|t Библиотечное дело
|o ежемесячный журнал
|d 2003-
|
| 463 |
|
0 |
|0 (RuTPU)RU\TPU\prd\42941
|t № 2
|v С. 18-19
|d 2006
|
| 610 |
1 |
|
|a патриотическое воспитание
|
| 610 |
1 |
|
|a кинематография
|
| 610 |
1 |
|
|a историческая память
|
| 610 |
1 |
|
|a военная тематика
|
| 610 |
1 |
|
|a кинофильмы
|
| 700 |
|
1 |
|a Месхиев
|b Д.
|g Дмитрий
|
| 801 |
|
1 |
|a RU
|b 63413507
|c 20060426
|g PSBO
|
| 801 |
|
2 |
|a RU
|b 63413507
|c 20060426
|g PSBO
|
| 942 |
|
|
|c BK
|